000 00579nam a2200205Ia 4500
003 OSt
005 20250508120616.0
008 210210b1974 xxu||||| |||| 00| 0 eng d
040 _cAL
041 _akan
082 _aK494.6 BASK
100 _aBASAVARAJU (L)
_9173801
_dಬಸವರಾಜು (ಎಲ್)
245 _aKannada chandassamputa:
_bಕನ್ನಡ ಛಂದಸ್ಸಂಪುಟ
260 _aMaisuru
_bGeetha buk hause
_c1974
300 _a326
650 _akannada chandassu
_9173802
690 _aKannada Grammar
_9173803
906 _a031462
942 _2ddc
_cBK
999 _c82557
_d82557